000
00273nam a22001097a 4500
008
160520b xxu||||| |||| 00| 0 eng d
020
_a
0070178054
041
_a
eng
080
_a
316.77
245
_a
The dynamics of mass communication:
_c
Joseph R. Dominick;
942
_2
udc
_c
BK
999
_c
2316
_d
2316